Which Simpson in the Title? (Seasons 13-18) Quiz Stats

 Plays Quiz not verified by Sporcle

Challenge
Share
Tweet
Embed
Score 0/24 Timer 05:00
0 Plays Today
Question Answer Wrong Answers
_____ the Moe
Season 13, Episode 3
Homer
88.8%
Marge
5.2%
Bart
2.2%
Lisa
3.4%
_____ and Ned's Hail Mary Pass
Season 16, Episode 8
Homer
88.8%
Marge
2.6%
Bart
1.5%
Lisa
1.5%
Bart vs. _____ vs. Third Grade
Season 14, Episode 3
Lisa
87.7%
Homer
6.3%
Marge
2.2%
Bart
0%
____ Simpson, This Is Your Wife
Season 17, Episode 15
Homer
87.3%
Marge
1.5%
Bart
1.9%
Lisa
2.6%
Home Away from _____
Season 16, Episode 20
Homer
86.6%
Marge
4.9%
Bart
0.4%
Lisa
1.9%
_____ and Homer Turn a Couple Play
Season 17, Episode 22
Marge
85.4%
Homer
3%
Bart
3%
Lisa
1.9%
Large _____
Season 14, Episode 4
Marge
81.7%
Homer
10.8%
Bart
0.7%
Lisa
2.2%
_____-Mangled Banner
Season 15, Episode 21
Bart
76.5%
Homer
8.2%
Marge
6.7%
Lisa
3%
_____ing Over
Season 14, Episode 11
Bart
76.1%
Homer
14.2%
Marge
3.7%
Lisa
0.7%
Please _____, Don't Hammer 'Em
Season 18, Episode 3
Homer
74.6%
Marge
6.3%
Bart
9%
Lisa
3.4%
_____'s Paternity Coot
Season 17, Episode 10
Homer
74.3%
Marge
10.4%
Bart
3.7%
Lisa
4.9%
The _____ Wants What It Wants
Season 13, Episode 11
Bart
73.5%
Homer
14.6%
Marge
6%
Lisa
5.2%
The Mook, the Chef, the Wife and Her _____
Season 18, Episode 1
Homer
72.4%
Marge
5.2%
Bart
3.4%
Lisa
12.3%
_____azzi
Season 18, Episode 16
Homer
71.6%
Marge
3.4%
Bart
16%
Lisa
1.9%
The _____ of War
Season 14, Episode 21
Bart
70.1%
Homer
15.3%
Marge
5.6%
Lisa
3.7%
Moe'N'a _____
Season 18, Episode 6
Lisa
69%
Homer
11.9%
Marge
10.1%
Bart
1.9%
_____ Has Two Mommies
Season 17, Episode 14
Bart
64.6%
Homer
9%
Marge
3.4%
Lisa
16.8%
Blame It on _____
Season 13, Episode 15
Lisa
64.2%
Homer
14.9%
Marge
9%
Bart
9.7%
Sweets and Sour _____
Season 13, Episode 8
Marge
63.4%
Homer
9%
Bart
9.3%
Lisa
17.9%
_____ vs. Singles, Seniors, Childless Couples and Teens and Gays
Season 15, Episode 8
Marge
61.2%
Homer
28%
Bart
2.6%
Lisa
3%
_____'s Son Poisoning
Season 17, Episode 5
Marge
56.3%
Homer
29.9%
Bart
6%
Lisa
1.5%
Mobile _____
Season 16, Episode 13
Homer
54.9%
Marge
22.4%
Bart
5.6%
Lisa
10.8%
See _____ Run
Season 17, Episode 6
Homer
42.5%
Marge
3%
Bart
33.2%
Lisa
14.9%
_____ Gamer
Season 18, Episode 17
Marge
38.8%
Homer
16.4%
Bart
28.7%
Lisa
8.6%

You're not logged in!

Compare scores with friends on all Sporcle quizzes.
OR
Log In

You Might Also Like...

Show Comments

Extras

Top Quizzes Today


Score Distribution

Your Account Isn't Verified!

In order to create a playlist on Sporcle, you need to verify the email address you used during registration. Go to your Sporcle Settings to finish the process.

Report this User

Report this user for behavior that violates our Community Guidelines.

Details: